[Event "Ruhrgebiet Regionalliga 1112"]
[Site "Nordrheinwestfalen"]
[Date "2012.05.06"]
[Round "9.1"]
[White "Weidemann, Christian"]
[Black "Bee, Marcus"]
[Result "1/2-1/2"]
[WhiteElo "2276"]
[BlackElo "2191"]
[PlyCount "28"]
[EventDate "2011.09.25"]
[EventType "team-tourn"]
[EventRounds "9"]
[EventCountry "GER"]
[SourceTitle "EXT 2020"]
[Source "ChessBase"]
[SourceDate "2019.10.17"]
[SourceVersion "1"]
[SourceVersionDate "2019.10.17"]
[SourceQuality "1"]
[WhiteTeam "Kamen SV"]
[BlackTeam "Holsterhausen SK"]
[WhiteTeamCountry "GER"]
[BlackTeamCountry "GER"]

1. e4 g6 2. Nc3 c6 3. h4 h5 4. d4 d5 5. Bf4 a6 6. Nh3 Bxh3 7. Rxh3 Bg7 8. e5 e6 9. Qd2 Nd7 10. Nd1 Ne7 11. c3 c5 12. Ne3 Nc6 13. Be2 Bf8 14. 0-0-0 Qa5 1/2-1/2

[Event "Ruhrgebiet Regionalliga 1112"]
[Site "Nordrheinwestfalen"]
[Date "2012.03.18"]
[Round "8.1"]
[White "Strathoff, Jens"]
[Black "Weidemann, Christian"]
[Result "1/2-1/2"]
[WhiteElo "2092"]
[BlackElo "2276"]
[PlyCount "36"]
[EventDate "2011.09.25"]
[EventType "team-tourn"]
[EventRounds "9"]
[EventCountry "GER"]
[SourceTitle "EXT 2020"]
[Source "ChessBase"]
[SourceDate "2019.10.17"]
[SourceVersion "1"]
[SourceVersionDate "2019.10.17"]
[SourceQuality "1"]
[WhiteTeam "Brackel SF"]
[BlackTeam "Kamen SV"]
[WhiteTeamCountry "GER"]
[BlackTeamCountry "GER"]

1. e4 c5 2. c4 Nc6 3. Ne2 Nf6 4. Nbc3 e6 5. d4 cxd4 6. Nxd4 Bb4 7. Nxc6 bxc6 8. Bd3 e5 9. 0-0 d6 10. Bg5 0-0 11. Qc2 h6 12. Bh4 g5 13. Bg3 Nh5 14. Ne2 Bc5 15. Kh1 Ng7 16. f3 f5 17. exf5 Rb8 18. Bf2 Bxf2 1/2-1/2

[Event "Ruhrgebiet Regionalliga 1011"]
[Site "Nordrheinwestfalen"]
[Date "2010.09.19"]
[Round "1.1"]
[White "Spyrou, Emmanouil"]
[Black "Weidemann, Christian"]
[Result "1/2-1/2"]
[WhiteElo "2199"]
[BlackElo "2289"]
[PlyCount "58"]
[EventDate "2010.09.19"]
[EventType "team-tourn"]
[EventRounds "9"]
[EventCountry "GER"]
[SourceTitle "EXT 2020"]
[Source "ChessBase"]
[SourceDate "2019.10.17"]
[SourceVersion "1"]
[SourceVersionDate "2019.10.17"]
[SourceQuality "1"]
[WhiteTeam "Hamm SVg"]
[BlackTeam "Kamen SV"]
[WhiteTeamCountry "GER"]
[BlackTeamCountry "GER"]

1. d4 d5 2. c4 e5 3. dxe5 d4 4. Nf3 Nc6 5. g3 Nge7 6. Bg2 Ng6 7. 0-0 Be6 8. Qa4 Qd7 9. Rd1 0-0-0 10. Nc3 Kb8 11. Be3 Bc5 12. Ne4 Be7 13. b3 dxe3 14. Rxd7 Bxd7 15. c5 exf2+ 16. Kxf2 Ncxe5 17. Qa5 Ng4+ 18. Kg1 f5 19. Nc3 b6 20. cxb6 axb6 21. Qa6 Bc5+ 22. Kh1 Nf2+ 23. Kg1 Ng4+ 24. Kh1 Bc8 25. Qc4 Nf2+ 26. Kg1 Ng4+ 27. Kh1 Nf2+ 28. Kg1 Nd1+ 29. Kh1 Nf2+ 1/2-1/2

[Event "Ruhrgebiet Regionalliga 0708"]
[Site "Germany"]
[Date "2008.05.04"]
[Round "9.1"]
[White "Hort, Vlastimil"]
[Black "Weidemann, Christian"]
[Result "1-0"]
[WhiteElo "2471"]
[BlackElo "2300"]
[PlyCount "91"]
[EventDate "2007.09.16"]
[EventType "team"]
[EventRounds "9"]
[EventCountry "GER"]
[SourceTitle "EXT 2009"]
[Source "ChessBase"]
[SourceDate "2008.11.26"]
[SourceVersion "1"]
[SourceVersionDate "2008.11.26"]
[SourceQuality "1"]
[WhiteTeam "Oberhausen"]
[BlackTeam "Kamen"]
[WhiteTeamCountry "GER"]
[BlackTeamCountry "GER"]

1. d4 d5 2. Nf3 c6 3. c4 dxc4 4. e4 b5 5. Nc3 Nf6 6. Qc2 e6 7. Be2 Nbd7 8. 0-0 a6 9. Bf4 Bb7 10. Rad1 Bb4 11. Rfe1 Qe7 12. h3 h6 13. Bf1 c5 14. d5 e5 15. Bh2 0-0 16. a4 Rfe8 17. Re3 Bxc3 18. Qxc3 Qd6 19. b3 cxb3 20. axb5 a5 21. Qxb3 c4 22. Qxc4 a4 23. Qa2 a3 24. Nd2 Nb6 25. Ra1 Qb4 26. Rb1 Qc5 27. Rbb3 Qc1 28. Rxa3 Rac8 29. Nb3 Qd1 30. Qa1 Qc2 31. Ra2 Qc7 32. Na5 Nbxd5 33. exd5 Bxd5 34. Raa3 Ra8 35. Nc6 Bxc6 36. bxc6 Qxc6 37. Bxe5 Nd7 38. Bd4 Rac8 39. Rxe8+ Rxe8 40. Re3 Ra8 41. Qc3 Qd5 42. Bxg7 Rb8 43. Bxh6 f6 44. Qc4 Nb6 45. Qxd5+ Nxd5 46. Bc4 1-0

[Event "Ruhrgebiet Regionalliga 0708"]
[Site "Germany"]
[Date "2008.03.16"]
[Round "7.1"]
[White "Frohne, Gerd"]
[Black "Weidemann, Christian"]
[Result "1/2-1/2"]
[WhiteElo "2177"]
[BlackElo "2300"]
[PlyCount "79"]
[EventDate "2007.09.16"]
[EventType "team"]
[EventRounds "9"]
[EventCountry "GER"]
[SourceTitle "EXT 2009"]
[Source "ChessBase"]
[SourceDate "2008.11.26"]
[SourceVersion "1"]
[SourceVersionDate "2008.11.26"]
[SourceQuality "1"]
[WhiteTeam "Gladbeck SG"]
[BlackTeam "Kamen"]
[WhiteTeamCountry "GER"]
[BlackTeamCountry "GER"]

1. d4 d5 2. c4 e5 3. dxe5 d4 4. Nf3 Nc6 5. g3 Nge7 6. Bg2 Ng6 7. Nbd2 Ngxe5 8. 0-0 Be7 9. a3 Nxf3+ 10. Nxf3 Be6 11. Qa4 0-0 12. Rd1 Bf6 13. h4 h6 14. Bd2 Re8 15. Rac1 Bd7 16. Re1 d3 17. exd3 Nd4 18. Qd1 Bg4 19. Rxe8+ Qxe8 20. Be3 Rd8 21. Bxd4 Bxd4 22. Qd2 Bxf3 23. Bxf3 Qe5 24. Kg2 Bxb2 25. Re1 Qf6 26. Qe3 Qd6 27. Bxb7 Bxa3 28. Qe4 Qxd3 29. Qxd3 Rxd3 30. Re8+ Bf8 31. Rc8 Rd7 32. Bc6 Re7 33. Ra8 Re6 34. Bd5 Rf6 35. f4 c6 36. Bf3 g5 37. fxg5 hxg5 38. hxg5 Rg6 39. Rxa7 Rxg5 40. Rc7 1/2-1/2